| 000 | 02067cam a22004694i 4500 | ||
|---|---|---|---|
| 003 | PE-LiUPU | ||
| 005 | 20250731173514.0 | ||
| 008 | 150616s r 000 0 d | ||
| 035 | _a(Sirsi) a7783 | ||
| 040 |
_aPE-LiUPU _bspa _cPE-LiUPU _erda |
||
| 049 | _aPRUA | ||
| 082 | 0 | 4 |
_a270.9 _bS29 _221 |
| 100 | 1 |
_aScott Latourette, Kenneth, _eautor. |
|
| 245 | 1 | 4 |
_aThe Nineteenth Century in Europe. The Protestant and Eastern Churches. _n2. |
| 264 | 1 |
_aNew York : _bHarper and Row, _c1969. |
|
| 300 |
_a532 páginas ; _c21 cm. |
||
| 336 |
_atext _2rdacontent |
||
| 337 |
_aunmediated _2rdamedia |
||
| 338 |
_avolume _2rdacarrier |
||
| 490 | 0 | _aContemporary Evangelical Perspectives | |
| 504 | _aBibliografía: páginas 495-512. | ||
| 505 | 0 | _aThe protestant phase in europe.- The setting and the scope of protestantism.- Protestant theology in the nineteenth century.- The course of biblical and historical studies in protestantism in the nineteenth century.- Awakenings and revivals in protestantism.- Protestant ecclesiastical structure: Union and dissent.- Protestantism: Ecclesiastical Structural Developments, Public worship and the training of clergy.- Protestantism: The flourishing of voluntary agencies for sevice to german society and the strengtening of the protestant faith. | |
| 526 | _aSEG42 | ||
| 526 | _aSEG41 | ||
| 526 | _aSEG40 | ||
| 526 | _aSEG39 | ||
| 526 | _aP94 | ||
| 526 | _aP87 | ||
| 526 | _aP86 | ||
| 526 | _aP85 | ||
| 526 | _aP77 | ||
| 526 | _aP76 | ||
| 526 | _aP35 | ||
| 650 | 0 | 4 | _aPROTESTANTISMO - EUROPA - HISTORIA. |
| 910 |
_ajck _bjvq _cjck |
||
| 942 |
_2ddc _cBOOK |
||
| 949 |
_a270.9 S29 2 _wDEWEY _c1 _i41297 _lCCODEBUL1 _mBUL _p00.00 _r0 _sY _tBOOK _u19960604 _xTEOLOGIA _zUNKNOWN _0COMPRA _o.STAFF. Colección General |
||
| 994 |
_aC0 _bPEPRU |
||
| 596 | _a1 | ||
| 999 |
_a270.9 S29 2 _wDEWEY _c59064 _i41297 _f2021-11-11 _g5 _lCCODEBUL1 _mBUL _r0 _sY _tBOOK _u2015-6-16 _xTEOLOGIA _zUNKNOWN _0COMPRA _o.STAFF. Colección General _d59064 |
||
| 980 |
_81 _gALBERTO SANCHEZ Responsable de Automatización |
||